| 000 | 00695cam a22002054a 4500 | ||
|---|---|---|---|
| 020 | _a0764538306 (pbk.) | ||
| 040 | _cDLC | ||
| 082 | 0 | 0 | _a005 WIL 2003 A002 Or. |
| 100 | 1 | _aDavis, Stephen R., | |
| 245 | 1 | 0 | _aC++ weekend crash course / |
| 250 | _a2nd ed. | ||
| 260 |
_aIndianapolis, IN : _bWiley Pub., _cc2003. |
||
| 300 |
_axx, 428 p. : _bill. ; _c24 cm. + _e1 CD-ROM (4 3/4 in.) |
||
| 500 | _aIncludes index. | ||
| 650 | 0 | _aC++ (Computer program language) | |
| 856 | 4 | 2 | _uhttp://www.loc.gov/catdir/bios/wiley046/2003101837.html |
| 856 | 4 | 2 | _uhttp://www.loc.gov/catdir/description/wiley039/2003101837.html |
| 856 | 4 | 1 | _uhttp://www.loc.gov/catdir/toc/wiley032/2003101837.html |
| 942 | _cEK | ||
| 999 |
_c16685 _d16685 |
||